00815nam a2200205Ia 450000500170000000800410001702000180005804000830007604100080015906000110016710000230017824501750020126000410037630000330041749000260045065000140047665000240049070000270051476500680054120180313060902.01310 s2012 sp ao frf 000 0dspa  a9788449321979 aCO-BoUCMbspacAngélica Rojas (modificó)dAldemar Mondragón (modificó)00aspa aWE 1031 aFeldenkrais, Moshe10aAutoconciencia por el movimiento ejercicios fáciles para mejorar tu postura, visión, imaginación y desarrollo personalcMoshe Feldenkrais ; traducción Luis Justo aBarcelona (España)bPaidósc2012 a216 páginasbfotografías0 aPaidós Vida y Salud 7aOrtopedia 7aOrtopediavManuales1 aJusto, Luisetraductor tAwareness through movement. healt exercises for personal growth